Gaming Quiz

Random Gaming or Pokémon Quiz

Ground Pokémon (All 7 Gens) Quiz Stats

 Plays Quiz not verified by Sporcle

Challenge
Share
Tweet
Embed
Score 0/65 Timer 10:00
0 Plays Today
No. Pokémon % Correct
074Geodude
100%
027Sandshrew
98%
028Sandslash
98%
050Diglett
98%
051Dugtrio
98%
075Graveler
98%
076Golem
98%
095Onix
98%
208Steelix
98%
111Rhyhorn
96.1%
112Rhydon
96.1%
207Gligar
96.1%
220Swinub
96.1%
221Piloswine
96.1%
473Mamoswine
96.1%
104Cubone
94.1%
105Marowak
94.1%
472Gliscor
94.1%
031Nidoqueen
92.2%
034Nidoking
92.2%
260Swampert
92.2%
330Flygon
92.2%
445Garchomp
92.2%
551Sandile
92.2%
552Krokorok
92.2%
553Krookodile
92.2%
194Wooper
90.2%
195Quagsire
90.2%
259Marshtomp
90.2%
290Nincada
90.2%
328Trapinch
90.2%
329Vibrava
90.2%
343Baltoy
90.2%
No. Pokémon % Correct
344Claydol
90.2%
383Groudon
90.2%
443Gible
90.2%
444Gabite
90.2%
464Rhyperior
90.2%
618Stunfisk
90.2%
322Numel
88.2%
323Camerupt
88.2%
413Wormadam
88.2%
645Landorus
88.2%
660Diggersby
88.2%
769Sandygast
88.2%
770Palossand
88.2%
246Larvitar
86.3%
247Pupitar
86.3%
389Torterra
86.3%
536Palpitoad
86.3%
537Seismitoad
86.3%
749Mudbray
86.3%
750Mudsdale
86.3%
339Barboach
84.3%
340Whiscash
84.3%
529Drilbur
84.3%
530Excadrill
84.3%
622Golett
84.3%
623Golurk
84.3%
423Gastrodon
82.4%
449Hippopotas
82.4%
450Hippowdon
82.4%
718Zygarde
82.4%
232Donphan
78.4%
231Phanpy
76.5%

You're not logged in!

Compare scores with friends on all Sporcle quizzes.
Join for Free
OR
Log In

You Might Also Like...

Show Comments

Extras

Top Quizzes Today


Score Distribution

Your Account Isn't Verified!

In order to create a playlist on Sporcle, you need to verify the email address you used during registration. Go to your Sporcle Settings to finish the process.

Report this User

Report this user for behavior that violates our Community Guidelines.

Details: